[Event "Pfalz-ch HT3 86th"]
[Site "Wolfstein"]
[Date "2017.04.07"]
[Round "1"]
[White "Marhoefer, Daniel"]
[Black "Spieleder, Alexander"]
[Result "1-0"]
[WhiteElo "1714"]
[BlackElo "1631"]
[PlyCount "51"]
[EventDate "2017.04.07"]
[EventType "swiss"]
[EventRounds "7"]
[EventCountry "GER"]
[SourceTitle "EXT 2018"]
[Source "ChessBase"]
[SourceDate "2017.10.13"]
[SourceVersion "1"]
[SourceVersionDate "2017.10.13"]
[SourceQuality "1"]

1. e4 e5 2. Nf3 Nc6 3. Bc4 Nf6 4. Ng5 d5 5. exd5 Na5 6. Bb5+ c6 7. dxc6 bxc6 8. Qf3 Rb8 9. Be2 Bc5 10. Ne4 Nxe4 11. Qxe4 0-0 12. c3 Re8 13. b4 f5 14. Qd3 Qe7 15. bxc5 e4 16. Qe3 g5 17. g3 Be6 18. Na3 Qf7 19. Qxg5+ Kh8 20. Bh5 Qf8 21. Bxe8 Rxe8 22. c4 Rb8 23. Rb1 Rxb1 24. Nxb1 Bxc4 25. Bb2+ Qg7 26. Qxg7# 1-0

[Event "Rheinland Pfalz op 7th"]
[Site "Frankenthal"]
[Date "2015.06.07"]
[Round "7"]
[White "Tischer, Roswitha"]
[Black "Spieleder, Alexander"]
[Result "0-1"]
[WhiteElo "1057"]
[BlackElo "1389"]
[PlyCount "104"]
[EventDate "2015.06.04"]
[EventType "swiss"]
[EventRounds "7"]
[EventCountry "GER"]
[SourceTitle "EXT 2017"]
[Source "ChessBase"]
[SourceDate "2016.10.25"]
[SourceVersion "1"]
[SourceVersionDate "2016.10.25"]
[SourceQuality "1"]

1. e4 e5 2. Nf3 Nc6 3. Nc3 Nf6 4. Bc4 Nxe4 5. Nxe4 d5 6. Bxd5 Qxd5 7. d3 Bg4 8. c4 Qd7 9. a3 Nd4 10. Nxe5 Bxd1 11. Nxd7 Nc2+ 12. Kxd1 Nxa1 13. Nxf8 Rxf8 14. Nd2 0-0-0 15. b3 Rxd3 16. Bb2 Nxb3 17. Kc2 Rxd2+ 18. Kxb3 Rxf2 19. Bxg7 Rg8 20. Bd4 Re2 21. g3 Rg4 22. Bxa7 b6 23. c5 Kb7 24. cxb6 cxb6 25. Bxb6 Kxb6 26. Rf1 Rxh2 27. Rf6+ Kc5 28. Rf5+ Kd6 29. Rxf7 Rxg3+ 30. Kb4 Rh4+ 31. Kb5 Rg5+ 32. Kb6 Rh3 33. Rf6+ Ke7 34. Rc6 Rb3+ 35. Kc7 Rxa3 36. Kb7 Rb5+ 37. Kc7 Ra7+ 38. Kc8 Rba5 39. Rb6 Ra8+ 40. Kc7 R5a7+ 41. Kc6 Ra6 42. Rxa6 Rxa6+ 43. Kd5 h5 44. Ke4 Kf6 45. Kf3 Kf5 46. Kg3 Ra4 47. Kh3 h4 48. Kg2 Kg4 49. Kh2 Ra2+ 50. Kg1 Kf3 51. Kh1 Kg3 52. Kg1 Ra1# 0-1

[Event "Rheinland Pfalz op 7th"]
[Site "Frankenthal"]
[Date "2015.06.04"]
[Round "1"]
[White "Roelle, Philipp"]
[Black "Spieleder, Alexander"]
[Result "1-0"]
[WhiteElo "1969"]
[BlackElo "1389"]
[PlyCount "75"]
[EventDate "2015.06.04"]
[EventType "swiss"]
[EventRounds "7"]
[EventCountry "GER"]
[SourceTitle "EXT 2017"]
[Source "ChessBase"]
[SourceDate "2016.10.25"]
[SourceVersion "1"]
[SourceVersionDate "2016.10.25"]
[SourceQuality "1"]

1. d4 f5 2. g3 e6 3. Bg2 d5 4. Nh3 Nf6 5. 0-0 Nc6 6. Bf4 Be7 7. c3 0-0 8. Nd2 Bd7 9. Nf3 Be8 10. Nhg5 Qc8 11. Ne5 Nd8 12. Nd3 h6 13. Nf3 Nh5 14. Be5 Nf7 15. Rc1 g5 16. e3 g4 17. Nfe1 Nf6 18. b3 Nxe5 19. Nxe5 c5 20. c4 Nd7 21. cxd5 Nxe5 22. dxe5 Bb5 23. d6 Bg5 24. Nd3 b6 25. Qc2 h5 26. Rfd1 h4 27. gxh4 Bxh4 28. Nf4 Rb8 29. Nxe6 Rf7 30. Nf4 Bc6 31. e6 Rg7 32. d7 Qb7 33. Rd5 Rd8 34. Rcd1 Qc7 35. Rxf5 Bxg2 36. Nxg2 Rf8 37. Rxf8+ Kxf8 38. Nxh4 1-0

[Event "Zweibruecken PSB-ch HT2 82nd"]
[Site "Zweibruecken"]
[Date "2013.03.24"]
[Round "3"]
[White "Roemer, Marcel"]
[Black "Spieleder, Alexander"]
[Result "1-0"]
[WhiteElo "1513"]
[BlackElo "1320"]
[PlyCount "65"]
[EventDate "2013.??.??"]
[EventType "swiss"]
[EventRounds "7"]
[EventCountry "GER"]
[SourceTitle "EXT 2014"]
[Source "ChessBase"]
[SourceDate "2013.11.20"]
[SourceVersion "1"]
[SourceVersionDate "2013.11.20"]
[SourceQuality "1"]

1. e4 e5 2. Nf3 Nc6 3. Bb5 Nd4 4. Nxd4 exd4 5. d3 c6 6. Bc4 Bb4+ 7. c3 dxc3 8. bxc3 Ba5 9. 0-0 d6 10. d4 Bc7 11. Qb3 Qh4 12. Re1 Nf6 13. g3 Qh3 14. Bf1 Qh5 15. Qd1 Qg6 16. e5 Ne4 17. exd6 Bxd6 18. f3 f5 19. fxe4 0-0 20. e5 Be7 21. Bc4+ Kh8 22. Bf4 Bh4 23. Qf3 b5 24. Bxb5 Rb8 25. Bc4 Bb7 26. e6 c5 27. d5 Rbd8 28. e7 Bxe7 29. Rxe7 Qf6 30. Rxb7 g5 31. Qh5 h6 32. Bxg5 Qe5 33. Qxh6+ 1-0

[Event "Zweibruecken PSB-ch HT2 82nd"]
[Site "Zweibruecken"]
[Date "2013.03.22"]
[Round "1"]
[White "Schulz, Werner"]
[Black "Spieleder, Alexander"]
[Result "1-0"]
[WhiteElo "1718"]
[BlackElo "1320"]
[PlyCount "79"]
[EventDate "2013.??.??"]
[EventType "swiss"]
[EventRounds "7"]
[EventCountry "GER"]
[SourceTitle "EXT 2014"]
[Source "ChessBase"]
[SourceDate "2013.11.20"]
[SourceVersion "1"]
[SourceVersionDate "2013.11.20"]
[SourceQuality "1"]

1. d4 d6 2. c4 c6 3. Nf3 g6 4. g3 Nf6 5. Bg2 Bg7 6. Nc3 0-0 7. 0-0 Nbd7 8. Qc2 a5 9. e4 Ne8 10. Bg5 h6 11. Be3 b6 12. Nh4 Bb7 13. f4 Nc7 14. e5 d5 15. cxd5 Nxd5 16. Nxd5 cxd5 17. e6 Nf6 18. exf7+ Rxf7 19. Nxg6 Ba6 20. Rfe1 Rc8 21. Qd1 Kh7 22. Qb1 Kg8 23. Bh3 Qd6 24. Bxc8 Bxc8 25. Qc2 Bd7 26. Rac1 Ne8 27. Ne5 Bxe5 28. fxe5 Qb4 29. a3 Qb5 30. Bxh6 Bf5 31. Qe2 Bd3 32. Qd2 Rf3 33. Rc8 Qd7 34. Qg5+ Kf7 35. Rxe8 Qh3 36. e6+ Qxe6 37. Rxe6 Rf1+ 38. Kg2 Kxe6 39. Qxe7+ Kf5 40. Rf8+ 1-0